[Event "Creon op 11th"]
[Site "Creon"]
[Date "2006.08.04"]
[Round "7"]
[White "Bignonneau, Pascal"]
[Black "Chabrol, Fabienne"]
[Result "1/2-1/2"]
[WhiteElo "1700"]
[BlackElo "1480"]
[PlyCount "48"]
[EventDate "2006.07.31"]
[EventType "swiss"]
[EventRounds "9"]
[EventCountry "FRA"]
[SourceTitle "CBM 113 Extra"]
[Source "ChessBase"]
[SourceDate "2006.09.14"]
[SourceVersion "1"]
[SourceVersionDate "2006.09.14"]
[SourceQuality "1"]

1. d4 d5 2. c4 e6 3. Nc3 Nf6 4. Bg5 Be7 5. e3 0-0 6. Bd3 dxc4 7. Bxc4 c5 8. Nf3 Nc6 9. 0-0 b6 10. Rc1 Bb7 11. Bxf6 Bxf6 12. d5 exd5 13. Bxd5 Rb8 14. Qd2 Qc7 15. Nb5 Qe7 16. Rfd1 Rfd8 17. Qe2 Ne5 18. Bxb7 Rxb7 19. Rxd8+ Qxd8 20. Nxe5 Bxe5 21. Rd1 Rd7 22. Rxd7 Qxd7 23. f4 Bf6 24. b3 a6 1/2-1/2